000 00402nam a2200133Ia 4500
008 220216s9999 xx 000 0 und d
100 _aMukhopadhyay R
245 0 _aConvergence of technology for rapid & sustainable development in rubber industry, Hasetri
260 _bIndian Rubber Journal
_c2008
300 _a60-65
650 _aRubber industry
650 _aSustainable development
942 _cJS
999 _c56355
_d56355